Diritto romano, tradizione romanistica e formazione del diritto europeo: giornate di studio in ricordo di Giovanni Pugliese, 1914-1995

Saved in:
書目詳細資料
主要作者: Vacca, Letizia (Author)
格式: 圖書
語言:西班牙语
出版: Milán Cedam 2008
叢編:Centro di Eccellenza in Diritto Europeo, Quaderni, 1
主題:
標簽: 添加標簽
沒有標簽, 成為第一個標記此記錄!

MARC

LEADER 00000nam a2200000 a 4500
001 UCH9397
003 CL-VaPUC
008 100107e20080000IT |||||||||||||||||spa|d
020 |a 9788813272937 
082 0 4 |a 340.54  |b VAC  |2 21 
100 0 |a Vacca, Letizia  |e author  |9 546454 
245 1 0 |a Diritto romano, tradizione romanistica e formazione del diritto europeo: giornate di studio in ricordo di Giovanni Pugliese, 1914-1995 
300 |a 362 p 
942 |c BK 
945 |d 20100107 00:00:00  |a rbrito 
260 |a Milán  |b Cedam  |c 2008 
650 0 |a Derecho romano  |9 255930 
583 |a last modification  |c 20100107 00:00:00  |k Rodrigo Vera 
490 0 |a Centro di Eccellenza in Diritto Europeo, Quaderni, 1 
999 |c 339382  |d 339380 
952 |0 0  |1 0  |4 0  |6 340_540000000000000_VAC_2008  |7 0  |8 DER_ROM  |9 433016  |a BIBDER  |b BIBDER  |d 2019-11-22  |i 4631994  |o 340.54 VAC 2008  |p 4631994  |r 2023-01-25  |w 2019-11-22  |x Ubicación 4to piso  |y BK  |z Este recurso debe solicitarse con anticipación  |k DER